La lengua guaraní del Paraguay (Record no. 11372)

MARC details
000 -LEADER
campo de control de longitud fija 00880nam a2200277 i 4500
001 - NÚMERO DE CONTROL
campo de control 11372
003 - IDENTIFICADOR DE NÚMERO DE CONTROL
campo de control ES-MaACL
005 - FECHA Y HORA DE LA ÚLTIMA TRANSACCIÓN
campo de control 20250726064520.0
007 - CAMPO FIJO DE DESCRIPCIÓN FÍSICA--INFORMACIÓN GENERAL
campo de control de longitud fija t|
008 - DATOS DE LONGITUD FIJA--INFORMACIÓN GENERAL
campo de control de longitud fija 921028s1992 sp |||| | spa d
020 ## - NÚMERO INTERNACIONAL ESTÁNDAR DEL LIBRO
Número Internacional Estándar del Libro 84-7100-608-1
080 ## - NÚMERO DE LA CLASIFICACIÓN DECIMAL UNIVERSAL
Número de la Clasificación Decimal Universal 809.812(091)
080 ## - NÚMERO DE LA CLASIFICACIÓN DECIMAL UNIVERSAL
Número de la Clasificación Decimal Universal 930.85(=981.2 Guaraníes)
100 1# - ENTRADA PRINCIPAL--NOMBRE DE PERSONA
Nombre de persona Melià, Bartomeu (
Fechas asociadas al nombre 1932-)
9 (RLIN) 173059
245 13 - MENCIÓN DEL TÍTULO
Título La lengua guaraní del Paraguay
Resto del título : historia, sociedad y literatura /
Mención de responsabilidad, etc. Bartomeu Meliá.
260 ## - PUBLICACIÓN, DISTRIBUCIÓN, ETC.
Lugar de publicación, distribución, etc. Madrid :
Nombre del editor, distribuidor, etc. MAPFRE,
Fecha de publicación, distribución, etc. [1992]
300 ## - DESCRIPCIÓN FÍSICA
Extensión 349 p ;
Dimensiones 23 cm.
490 1# - MENCIÓN DE SERIE
Mención de serie Lenguas y literaturas indígenas ;
Designación de volumen o secuencia 6
500 ## - NOTA GENERAL
Nota general Índices.
504 ## - NOTA DE BIBLIOGRAFÍA, ETC.
Nota de bibliografía, etc. Bibliografía: p. 305-325.
650 #4 - PUNTO DE ACCESO ADICIONAL DE MATERIA--TÉRMINO DE MATERIA
Término de materia o nombre geográfico como elemento de entrada Lengua guaraní-
Subdivisión geográfica Paraguay.
9 (RLIN) 162831
650 #7 - PUNTO DE ACCESO ADICIONAL DE MATERIA--TÉRMINO DE MATERIA
Término de materia o nombre geográfico como elemento de entrada Guaraníes (Indios)
Fuente del encabezamiento o término embne
9 (RLIN) 162832
830 1# - PUNTO DE ACCESO ADICIONAL DE SERIE-TÍTULO UNIFORME
Título uniforme Lenguas y literaturas indígenas ;
Designación de volumen o secuencia 6
9 (RLIN) 179031
852 ## - LOCALIZACIÓN
Ubicación ES-MaACL
Número de control de estantería L-18696
Holdings
Estatus retirado Estado de pérdida Estado de daño No para préstamo Biblioteca de origen Biblioteca actual Ubicación en estantería Fecha de adquisición Fuente de adquisición Total de préstamos Signatura topográfica completa Código de barras Visto por última vez Precio de reemplazo Tipo de ítem Koha
        Biblioteca del Ateneo de Madrid Biblioteca del Ateneo de Madrid Depósito 2 17/01/2008     L-18696 1011595 23/02/2023 23/02/2023 Libro impreso